[Event "TCh-BEL 2004-5"]
[Site "Belgium BEL"]
[Date "2005.01.30"]
[Round "8"]
[White "Van der Stricht,G"]
[Black "Chabanon,JL"]
[Result "1-0"]
[WhiteElo "2425"]
[BlackElo "2431"]

1.d4 Nf6 2.c4 e6 3.Nf3 b6 4.g3 Ba6 5.Nbd2 Bb4 6.Qc2 Bb7 7.Bg2 Be4 8.Qd1 O-O
9.O-O Bxd2 10.Qxd2 d5 11.b3 a5 12.Ba3 Re8 13.Rfc1 Na6 14.Qf4 dxc4 15.Rxc4 b5
16.Rcc1 Qd5 17.Rd1 h6 18.Rd2 Rab8 19.Rc1 b4 20.Bb2 Rb6 21.Rc4 Qh5 22.Ne5 Bb1
23.Bf3 Qg5 24.Qxg5 hxg5 25.Bc1 Be4 26.Nd7 Bxf3 27.Nxb6 Bb7 28.Na4 Bd5 29.Rdc2 Bxc4
30.Rxc4 e5 31.Bxg5 Ne4 32.Be3 Nd6 33.Rc6 exd4 34.Bxd4 Nb8 35.Rc2 Nb5 36.Be3 Nd7
37.Rc6 Ne5 38.Ra6 Nc3 39.Rxa5 Nxa2 40.h3 f6 41.Rc5 Re6 42.Rxc7 Nc6 43.Nc5 Rd6
44.Kg2 Nc3 45.Bf4 Ne5 46.Bxe5 fxe5 47.Rb7 Rd2 48.e3 Nd1 49.Ne4 Rb2 50.Rxb4 Nxe3+
51.Kf3 Nf5 52.Kg4 Nd4 53.Rb8+ Kf7 54.b4 Ke6 55.f3 Kd5 56.Rd8+ Kc4 57.Rd7 Rxb4
58.Rxg7 Kd3 59.Ra7 Ke3 60.Ra3+ Ke2 61.h4 Nxf3 62.Kf5 Rb8 63.h5 Rf8+ 64.Kg6 Rg8+
65.Kf6 Rf8+ 66.Kg7 Rb8 67.h6 Nd4 68.h7 Nf5+ 69.Kg6 Ne3 70.Nf6 Kf3 71.Ng8 Rb6+
72.Kg5  1-0

[Event "It"]
[Site "Chernigov UKR"]
[Date "2005.01.30"]
[Round "10"]
[White "Fiodorov,M"]
[Black "Nosenko,A"]
[Result "0-1"]
[WhiteElo "2185"]
[BlackElo "2509"]

1.d4 Nf6 2.c4 e6 3.Nf3 b6 4.g3 Ba6 5.b3 Bb4+ 6.Bd2 Be7 7.Bg2 c6 8.O-O d5
9.Ne5 Nfd7 10.Nxd7 Nxd7 11.cxd5 cxd5 12.Re1 O-O 13.Nc3 Nf6 14.Rc1 Rc8 15.Na4 Qd7
16.Bf4 Ba3 17.Rc2 Rxc2 18.Qxc2 Rc8 19.Qd2 Qc6 20.Nb2 Qc2 21.Nc4 Qxd2 22.Nxd2 Rc2
23.Nb1 Bb4 24.Rc1 Rxc1+ 25.Bxc1 Bxe2 26.Bd2 Bd3 27.Nc3 Kf8 28.Ne4 Bxd2 29.Nxd2 Ke7
30.f3 Kd6 31.Kf2 a5 32.Ke3 Ba6 33.Nb1 Nd7 34.Nc3 f6 35.f4 g6 36.Bf3 Nb8 37.h4 Nc6
38.h5 Ne7 39.hxg6 Nf5+ 40.Kf2 hxg6 41.Be2 Bxe2 42.Nxe2 b5 43.g4 Nh6 44.g5 fxg5
45.fxg5 Nf5 46.Nf4 Nxd4 47.Nxg6 e5 48.Nh4 Ke6 49.g6 b4 50.Kg3 Kf6 51.Kg4 e4
52.Kf4 Ne6+ 53.Ke3 Kg5  0-1

[Event "FSGM February"]
[Site "Budapest HUN"]
[Date "2005.02.10"]
[Round "6"]
[White "Ilincic,Z"]
[Black "Szabo,Kr"]
[Result "0-1"]
[WhiteElo "2502"]
[BlackElo "2376"]

1.d4 Nf6 2.c4 e6 3.Nf3 b6 4.g3 Ba6 5.Nbd2 Bb4 6.Qc2 Bb7 7.Bg2 c5 8.a3 Be4
9.Qd1 Bxd2+ 10.Qxd2 cxd4 11.Qxd4 Nc6 12.Qc3 O-O 13.O-O d5 14.cxd5 Bxd5 15.b4 Rc8
16.Qb2 Bxf3 17.exf3 Qd3 18.Bg5 Nd4 19.Bxf6 gxf6 20.Rad1 Nxf3+ 21.Kh1 Qf5
22.Qb3 Ne5 23.Rd4 Qc2 24.Qe3 Rc4 25.Rxc4 Qxc4 26.Qh6 Ng4 27.Qh4 Kg7 28.h3 Ne5
29.Qxc4 Nxc4 30.Rc1 Nxa3 31.Ra1 Nc2 32.Rxa7 Nxb4 33.Rb7 Nd3 34.Kg1 Rc8 35.Bf1 Rc1
36.Rxb6 e5 37.h4 e4 38.Kg2 Ne1+ 39.Kh3 Rc2 40.Rb1 Nf3 41.Kg2 Ne5 42.Re1 f5
43.Re2 Rc1 44.Ra2 Nf3 45.Be2 Rg1+ 46.Kh3 Ne1 47.Kh2 Rg2+ 48.Kh1 Rxf2 49.Bc4 Rxa2
50.Bxa2 Kf6 51.Kg1 Nd3 52.Bd5 Ne5 53.Kf2 Ng4+ 54.Ke2 Nh6 55.Bb3 Ke5 56.Ke3 Ng4+
57.Ke2 f6  0-1

[Event "GM"]
[Site "Nancy FRA"]
[Date "2005.02.18"]
[Round "7"]
[White "Nezar,M"]
[Black "Istratescu,A"]
[Result "0-1"]
[WhiteElo "2375"]
[BlackElo "2617"]

1.d4 Nf6 2.Nf3 e6 3.c4 b6 4.g3 Ba6 5.Qa4 Bb7 6.Bg2 c5 7.dxc5 bxc5 8.O-O Be7
9.Nc3 O-O 10.Rd1 d6 11.Bf4 Qb6 12.Rd2 Nc6 13.Qb5 Qc7 14.Qa4 a6 15.Ne1 h6
16.Rdd1 Rab8 17.Nd3 Nd4 18.Bxb7 Qxb7 19.Be3 Nd7 20.Bxd4 cxd4 21.Nb1 Nc5 22.Nxc5 dxc5
23.Nd2 e5 24.Rab1 h5 25.Qc2 f5 26.Qb3 Qxb3 27.Nxb3 Rb4 28.Nd2 Rfb8 29.b3 e4
30.e3 a5 31.Kf1 Bf6 32.Ke2 d3+ 33.Ke1 a4 34.bxa4 Bc3 35.Rxb4 Rxb4 36.Rc1 Bxd2+
37.Kxd2 Rxa4 38.Ra1 Rxc4 39.a4 Rc2+ 40.Kd1 Rxf2 41.Ra3 Rxh2 42.a5 c4 43.a6 c3
44.Rxc3 Ra2 45.Rc5 h4 46.Rxf5 hxg3 47.Rg5 g2 48.Kc1 d2+  0-1

[Event "Extraliga CZE 2004-5"]
[Site "Czech Rep CZE"]
[Date "2005.02.19"]
[Round "6"]
[White "Polak,T"]
[Black "Petrik,T"]
[Result "1/2-1/2"]
[WhiteElo "2456"]
[BlackElo "2450"]

1.d4 Nf6 2.c4 e6 3.Nf3 b6 4.g3 Ba6 5.b3 Bb4+ 6.Bd2 Be7 7.Bg2 c6 8.Bc3 d5
9.Ne5 Nfd7 10.Nxd7 Nxd7 11.Nd2 O-O 12.O-O Nf6 13.e4 b5 14.exd5 exd5 15.Re1 Re8
16.c5 Bc8 17.a4 bxa4 18.Rxa4 Bf5 19.Qa1 Qd7 20.Bf1 Ne4 21.Nxe4 Bxe4 22.Qa2 Bf6
23.Ra6 h5 24.Qd2 g5 25.b4 Kg7 26.h3 Bf5 27.Kh2 Rxe1 28.Qxe1 Re8 29.Qd1 h4
30.g4 Be4 31.Kg1 Bd8 32.Bd2 Re6 33.Qa4 Bf3 34.Rxa7 Bc7 35.b5 cxb5 36.Qa3 Be2
37.Bg2 Bc4 38.Be3 b4 39.Qxb4 Bh2+ 40.Kxh2 Qxa7 41.Bxg5 Qa2 42.Bxh4 Re2 43.c6 Rxf2
44.Bxf2 Qxf2 45.Qd6 Bf1 46.Qxd5 Bxg2 47.Qxg2 Qf4+ 48.Kh1 Qc1+ 49.Kh2 Qf4+
50.Qg3 Qd2+ 51.Kh1 Qc1+ 52.Kg2 Qxc6+ 53.Qf3 Qc2+ 54.Kg3 Qc7+ 55.Qf4 Qc3+
56.Kh4 f6 57.Qe4 Qd2 58.d5 Kh6 59.Kg3 Kg7 60.h4 Qc3+ 61.Qf3 Qe1+ 62.Kh3 Qd2
63.h5 Kf7 64.Qe4 Qf2 65.Qd3 Ke7 66.d6+ Kd8 67.h6 f5 68.gxf5 Qf4 69.Qd5 Qxh6+
70.Kg4 Qg7+ 71.Kf3 Qc3+ 72.Kf4 Qc1+ 73.Ke5 Qe3+ 74.Qe4 Qg3+ 75.Kd5 Qb3+ 76.Qc4 Qb7+
77.Kc5 Qa7+ 78.Kb5 Qb7+ 79.Kc5 Qa7+ 80.Kd5 Qf7+ 81.Kd4 Qf6+ 82.Ke4 Qxd6 83.Qg8+ Ke7
84.Qg7+ Ke8 85.Qg8+ Ke7 86.Qc4 Kf6  1/2-1/2

[Event "Aeroflot Open B"]
[Site "Moscow RUS"]
[Date "2005.02.22"]
[Round "8"]
[White "Prokopchuk,E"]
[Black "Balashov,Y"]
[Result "1/2-1/2"]
[WhiteElo "2520"]
[BlackElo "2469"]

1.d4 Nf6 2.Nf3 e6 3.c4 b6 4.g3 Ba6 5.b3 Bb4+ 6.Bd2 Be7 7.Bg2 d5 8.Bc3 Nbd7
9.cxd5 Nxd5 10.O-O O-O 11.Bb2 c5 12.Nbd2 Rc8 13.Rc1 b5 14.dxc5 Nxc5 15.Nd4 Bf6
16.Ne4 Nxe4 17.Bxe4 Rxc1 18.Qxc1 Qb6 19.Rd1 Rd8 20.Qb1 h6 21.Nf3 Nc3 22.Rxd8+ Qxd8
23.Bxc3 Bxc3 24.Qd3 Qxd3 25.Bxd3 Kf8 26.Kf1 Ke7 27.Ne1 Kd6 28.Nc2 Kc5 29.a3 Bb7
30.b4+ Kb6 31.e4 a5 32.f4 a4 33.Ke2 Bb2 34.Kd2 Bc6 35.h4 f6 36.h5 Be8 37.g4 g5
38.hxg6 Bxg6 39.Kd1 h5 40.gxh5 Bxh5+ 41.Kd2 Be8 42.Kd1 Bd7 43.Kd2 Kc7 44.Kd1 Kd6
45.Kd2 f5 46.exf5 exf5 47.Ne3 Bxa3 48.Nxf5+ Kd5 49.Kc3 Bc1 50.Nd4  1/2-1/2

[Event "Aeroflot Open B"]
[Site "Moscow RUS"]
[Date "2005.02.23"]
[Round "9"]
[White "Lerner,K"]
[Black "Yegiazarian,A"]
[Result "1/2-1/2"]
[WhiteElo "2523"]
[BlackElo "2510"]

1.d4 Nf6 2.c4 e6 3.Nf3 b6 4.g3 Ba6 5.Qb3 c6 6.Bf4 Be7 7.Nc3 d5 8.cxd5 Nxd5
9.Rc1 Nxf4 10.gxf4 O-O 11.e3 Bxf1 12.Kxf1 c5 13.d5 Qc8 14.dxe6 fxe6 15.Ne4 Nc6
16.Rg1 Nb4 17.a3 Nd5 18.Rg3 Qa6+ 19.Kg1 Rad8 20.Qc2 Nf6 21.Neg5 Rd6 22.Rh3 Qd3
23.Qxd3 Rxd3 24.Nxe6 Rc8 25.Kf1 Ne4 26.Ke2 Rb3 27.Rc2 Re8 28.Neg5 Bxg5 29.Nxg5 Nxg5
30.fxg5 Re4 31.Rf3 c4 32.Rd2 Re8 33.Kd1 c3 34.bxc3 Rxa3 35.Rd7 Rxc3 36.Rff7 Rd3+
37.Kc2 Rxd7 38.Rxd7 a5 39.Rb7 Re5 40.h4 b5 41.Kd3 a4 42.e4 a3 43.Kd4 Re8
44.Rxb5 Ra8 45.Rb1 a2 46.Ra1 Kf7 47.h5  1/2-1/2

[Event "ch-RUS u20g"]
[Site "Nojabrsk RUS"]
[Date "2005.03.04"]
[Round "3"]
[White "Gunina,V"]
[Black "Kursova,M"]
[Result "1-0"]
[WhiteElo "2342"]
[BlackElo "2308"]

1.d4 Nf6 2.c4 e6 3.Nf3 b6 4.g3 Ba6 5.b3 d5 6.Bg2 Bb4+ 7.Bd2 Be7 8.O-O O-O
9.Ne5 Ne4 10.cxd5 exd5 11.Nc3 Nxc3 12.Bxc3 Bb7 13.Qc2 Nd7 14.Rfd1 Nf6 15.Rac1 c6
16.Bh3 Ba3 17.Bb2 Bxb2 18.Qxb2 Qd6 19.Qc2 c5 20.Nf3 Rfe8 21.dxc5 bxc5 22.Qxc5 Qxc5
23.Rxc5 Rxe2 24.Nd2 Rae8 25.Bf1 R2e7 26.Nf3 g6 27.Bb5 Rc8 28.Rxc8+ Bxc8 29.Nd4 Bh3
30.f3 h5 31.Kf2 Rc7 32.Bd3 Bd7 33.Ke3 Kg7 34.Kd2 h4 35.g4 Kh6 36.b4 Ne8 37.Re1 Rb7
38.b5 Nd6 39.a4 Nc8 40.Re5 Nb6 41.a5 Nc4+ 42.Bxc4 dxc4 43.Kc3 Rc7 44.Rd5 Bc8
45.b6 axb6 46.axb6 Rb7 47.Rd6  1-0

[Event "TCh-ISL 2004-5"]
[Site "Reykjavik ISL"]
[Date "2005.03.04"]
[Round "5"]
[White "Votava,J"]
[Black "Jonsson,Bjorg"]
[Result "1/2-1/2"]
[WhiteElo "2505"]
[BlackElo "2404"]

1.d4 Nf6 2.c4 e6 3.Nf3 b6 4.g3 Ba6 5.b3 d5 6.Bg2 dxc4 7.Ne5 Bb4+ 8.Kf1 Bd6
9.Nxc4 Nd5 10.e4 Ne7 11.Nc3 Nbc6 12.Bg5 e5 13.Ne2 h6 14.Be3 exd4 15.Nxd4 Be5
16.Nxc6 Nxc6 17.Rc1 O-O 18.Qxd8 Raxd8 19.f4 Bd4 20.Ke2 Nb4 21.Bd2 Bc5 22.Bxb4 Bxb4
23.Rhd1 Ba3 24.Rb1 Be7 25.e5 Rxd1 26.Rxd1 Rd8 27.Rxd8+ Bxd8 28.Kd3 Be7 29.Bc6 Bc5
30.f5 Kf8 31.h3 Ke7 32.g4 f6 33.e6 Bxc4+ 34.Kxc4 a5 35.Kd5 Bd6 36.Bd7 Bg3
37.Kc6 Bf4 38.Kb7 Bg3 39.Kc8 Bf4 40.Kb7 Bg3 41.Kc6 Bf4  1/2-1/2

[Event "TCh-ISL 2004-5"]
[Site "Reykjavik ISL"]
[Date "2005.03.04"]
[Round "5"]
[White "Johannessen,LE"]
[Black "Arnason,J"]
[Result "1/2-1/2"]
[WhiteElo "2516"]
[BlackElo "2505"]

1.d4 Nf6 2.c4 e6 3.Nf3 b6 4.g3 Ba6 5.Nbd2 Bb7 6.Bg2 Be7 7.O-O O-O 8.Qc2 d5
9.cxd5 exd5 10.Ne5 Qc8 11.b3 c5 12.Bb2 Na6 13.Rac1 Qe6 14.dxc5 Nb4 15.Qb1 bxc5
16.a3 Nc6 17.Nd3 Nd4 18.Nf4 Qa6 19.b4 Bd6 20.Bxd4 cxd4 21.Qb2 Bxf4 22.gxf4 Qxe2
23.Qxd4 Qg4 24.h3 Qd7 25.Nb3 Bc6 26.Nc5 Qd6 27.Qe5 Rfd8 28.Rfd1 a5 29.b5 Bxb5
30.Nb7 Qxa3 31.Nxd8 Rxd8 32.Bxd5 Bd7 33.Bg2 Re8 34.Qc5 Qxc5 35.Rxc5 a4 36.Ra5 h6
37.Ra7 Be6 38.Re1 Bd7 39.Rxe8+ Bxe8 40.Ra8 Kh7 41.Bf1 g6 42.Bd3 Bd7 43.Ra7 Kg7
44.Kh2 Bc6 45.Bc4 Be8 46.Kg2 Ne4 47.h4 Kf6 48.Ra5 h5 49.Bd3 Nd6 50.Kf3 Bd7
51.Ke3 Bf5 52.Ra6 Ke7 53.Ra7+ Ke6 54.Bf1 Bc2 55.Ra6 Ke7 56.Ra7+  1/2-1/2

[Event "Sozina Open"]
[Site "Bar SCG"]
[Date "2005.03.08"]
[Round "5"]
[White "Bernasek,J"]
[Black "Brajovic,R"]
[Result "1-0"]
[WhiteElo "2389"]
[BlackElo "2278"]

1.d4 Nf6 2.c4 e6 3.Nf3 b6 4.g3 Ba6 5.Qa4 Bb7 6.Bg2 c5 7.O-O cxd4 8.Nxd4 Bxg2
9.Kxg2 Qc8 10.f3 Be7 11.Rd1 O-O 12.Nc3 d6 13.Ndb5 Rd8 14.Bf4 Qc6 15.Bxd6 Bxd6
16.Nxd6 Ng4 17.Nf5 Re8 18.Ne7+  1-0

[Event "Sozina Open"]
[Site "Bar SCG"]
[Date "2005.03.10"]
[Round "7"]
[White "Blagojevic,D"]
[Black "Fedorchuk,S"]
[Result "1/2-1/2"]
[WhiteElo "2537"]
[BlackElo "2570"]

1.d4 Nf6 2.c4 e6 3.Nf3 b6 4.g3 Ba6 5.b3 Bb7 6.Bg2 Bb4+ 7.Bd2 a5 8.Nc3 O-O
9.O-O d6 10.Qc2 Nbd7 11.Rfd1 Bxc3 12.Bxc3 Be4 13.Qc1 Qb8 14.Ne1 Bxg2 15.Nxg2  1/2-1/2

[Event "Acropolis GM Open"]
[Site "Athens GRE"]
[Date "2005.03.11"]
[Round "6"]
[White "Socko,B"]
[Black "Gelashvili,T"]
[Result "1/2-1/2"]
[WhiteElo "2591"]
[BlackElo "2577"]

1.d4 Nf6 2.c4 e6 3.Nf3 b6 4.g3 Ba6 5.Nbd2 Bb4 6.Qc2 Bb7 7.Bg2 Be4 8.Qb3 Bxd2+
9.Bxd2 O-O 10.O-O d6 11.Rfd1 Nbd7 12.Rac1 Qe7 13.Qa3 a5 14.Bh3 Rae8 15.Ne1 Bg6
16.Be3 Bh5 17.Nf3 Ne4 18.Nd2 Nef6 19.Nf3 Ne4 20.Nd2 Nef6 21.Re1 h6 22.c5 Nd5
23.cxd6 cxd6 24.Nc4 Nxe3 25.fxe3 d5 26.Qxe7 Rxe7 27.Nd6 Nb8 28.Kf2 Rd8 29.g4 Rxd6
30.Rc8+ Kh7 31.gxh5 Nd7 32.Rc7 Re8 33.Rec1 Kg8 34.Bg2 Nf6 35.Bf3 Red8 36.Rb7 Kf8
37.Rcc7 R8d7 38.Rc8+ Ke7 39.Rbb8 Ra7 40.Kg3 a4 41.a3 Nd7 42.Re8+ Kf6 43.Rbc8 b5
44.Rc1 g6 45.Rf1 Kg7 46.hxg6 Kxg6 47.Rg8+ Kh7 48.Rd8 Kg7 49.Kh4 Rc6 50.e4 Rc4
51.e3 Rc2 52.Rg1+ Kf6 53.e5+ Nxe5 54.dxe5+ Kxe5 55.Rg2 Rxg2 56.Bxg2 Rc7 57.Bf1 Rc2
58.Bxb5 Rxh2+ 59.Kg3 Rxb2 60.Bxa4 Ra2 61.Be8 Rxa3 62.Kf2 f5 63.Bf7 Kf6 64.Bg8 Ke7
65.Rb8 Ra6 66.Rb7+ Kf6 67.Rf7+ Kg6 68.Re7 Kf6 69.Re8 Rb6 70.Kf3 Ra6 71.Rf8+ Kg7
72.Rb8 Kf6 73.Rf8+ Kg7 74.Re8 Kf6 75.Rf8+  1/2-1/2

[Event "FSIMB March"]
[Site "Budapest HUN"]
[Date "2005.03.11"]
[Round "7"]
[White "Werner,Di"]
[Black "Fodor,T jr"]
[Result "1-0"]
[WhiteElo "2312"]
[BlackElo "2226"]

1.d4 Nf6 2.c4 e6 3.Nf3 b6 4.g3 Ba6 5.Nbd2 Bb4 6.Qa4 c5 7.dxc5 Bxc5 8.b4 Be7
9.Bg2 Bb7 10.Bb2 O-O 11.O-O d6 12.Rfd1 Nbd7 13.Rac1 a5 14.b5 Nc5 15.Qc2 Rc8
16.Nd4 d5 17.N2f3 Ncd7 18.Qb1 Bc5 19.e3 h6 20.Ne1 Qe7 21.cxd5 Nxd5 22.Nf5 exf5
23.Bxd5 Bxd5 24.Rxd5 Nf6 25.Re5 Qd7 26.Rxf5 Qxb5 27.Bxf6 Qxb1 28.Rxb1 gxf6
29.Rxf6 Kg7 30.Rf4 Rfd8 31.Nf3 Rc7 32.Kg2 f6 33.Rb2 Rcd7 34.Rc2 Rd3 35.Re2 Re8
36.Nh4 Red8 37.Rg4+ Kh7 38.Nf3 b5 39.Rc2 Bb6 40.Re4 R3d6 41.Re7+ Kg8 42.Rb7 b4
43.Nh4 R8d7 44.Rc8+ Bd8 45.Rb5 Rd5 46.Rbb8 Kh7 47.Nf3 Be7 48.Nd4 Kg7 49.Rg8+ Kf7
50.Rh8 Rd8 51.Rh7+ Kg6 52.Rxd8 Bxd8 53.Rb7 f5 54.h4 h5 55.Ra7 Rd6 56.Kf3 Bb6
57.Ra6 Bc5 58.Rxd6+ Bxd6 59.Ke2 Kf6 60.Kd3 Bc7 61.Nf3 Bd6 62.Kc4 a4 63.Nd4 Ke5
64.f3 Kf6 65.f4 b3 66.axb3 a3 67.Nc2 a2 68.b4 Ke6 69.Kb3 Kd5 70.Kxa2 Kc4
71.Kb2 Bf8 72.Nd4 Kd3 73.Nc2 Kc4 74.b5 Bg7+ 75.Nd4 Kc5 76.Kc3 Bf6 77.Kd3 Bh8
78.Nxf5 Kxb5 79.e4 Kc5 80.e5  1-0

[Event "FSGM March"]
[Site "Budapest HUN"]
[Date "2005.03.12"]
[Round "8"]
[White "Lagowski,P"]
[Black "Berczes,D"]
[Result "0-1"]
[WhiteElo "2389"]
[BlackElo "2313"]

1.d4 Nf6 2.c4 e6 3.Nf3 b6 4.g3 Ba6 5.Qa4 Bb7 6.Bg2 c5 7.dxc5 Bxc5 8.Nc3 O-O
9.O-O Be7 10.Bf4 Na6 11.Rfd1 Nc5 12.Qc2 Qc8 13.Rd4 d5 14.cxd5 Nxd5 15.Nxd5 Bxd5
16.Ng5 Bxg5 17.Bxg5 Bxg2 18.Kxg2 e5 19.Rc4 Qb7+ 20.Kg1 Ne6 21.Be3 f5 22.f3 Qf7
23.Rd1 Rae8 24.a4 h6 25.Rc6 f4 26.gxf4 exf4 27.Bf2 Qh5 28.Qc4 Rf6 29.Kh1 Kh8
30.Rc8 Rxc8 31.Qxc8+ Kh7 32.Rg1 Qf5 33.Qd7 Rf7 34.Qd6 Ng5 35.Rd1 Nh3 36.Bh4 g5
37.Be1 g4 38.Qd4 gxf3 39.exf3 Qc2 40.Rd2 Qg6 41.Rg2 Qb1 42.Qe5 Ng5 43.Qe8 Rg7
44.h4 Nxf3 45.Rxg7+ Kxg7 46.Qe7+ Kg6 47.Qe6+ Kh5 48.Qf7+ Qg6 49.Qd5+ Kg4
50.Qd7+ Qf5 51.Qd1 Qe4 52.Kg2 Qc2+  0-1

[Event "FSGM March"]
[Site "Budapest HUN"]
[Date "2005.03.15"]
[Round "11"]
[White "Ilincic,Z"]
[Black "Greet,A"]
[Result "1-0"]
[WhiteElo "2502"]
[BlackElo "2389"]

1.d4 Nf6 2.c4 e6 3.Nf3 b6 4.g3 Ba6 5.Qa4 c5 6.Bg2 Bb7 7.O-O cxd4 8.Nxd4 Bxg2
9.Kxg2 Qc8 10.Rd1 Nc6 11.Nxc6 Qxc6+ 12.Qxc6 dxc6 13.Bf4 Rd8 14.Nc3 Bb4 15.Be5 Ke7
16.a3 Bd6 17.Bxd6+ Rxd6 18.Rxd6 Kxd6 19.b4 Kc7 20.Rd1 Rd8 21.Rxd8 Kxd8 22.Kf3 Ke7
23.Kf4 Ne8 24.c5 bxc5 25.bxc5 Nc7 26.Ke4 f6 27.f4 Nb5 28.Nb1 g6 29.g4 f5+
30.gxf5 exf5+ 31.Ke5 Nc7 32.Nd2 Nb5 33.Nc4 Nc3 34.e3 Ne4 35.Kd4 Kd7 36.Ne5+ Kc7
37.Nf3 Kd7 38.Ng5 Nxg5 39.fxg5 Ke6 40.a4 a5 41.h3  1-0

[Event "Spring Festival"]
[Site "Budapest HUN"]
[Date "2005.03.20"]
[Round "3"]
[White "Koczo,K"]
[Black "Nemeth,Mi"]
[Result "1/2-1/2"]
[WhiteElo "2159"]
[BlackElo "2333"]

1.d4 Nf6 2.c4 e6 3.Nf3 b6 4.g3 Ba6 5.b3 b5 6.cxb5 Bxb5 7.Bg2 Bc6 8.O-O Qc8
9.Nc3 Bb4 10.Bb2 O-O 11.a3 Be7 12.Qc2 Qb7 13.Rac1 Rc8 14.Rfe1 a5 15.e4 Bf8
16.Ne5 Ra6 17.d5 exd5 18.exd5 Nxd5 19.Nxc6 dxc6 20.Nxd5 cxd5 21.Bh3 Rd8 22.Qxc7 Qxc7
23.Rxc7 Rb6 24.Rc3 Nc6 25.Rd3 Rdb8 26.Rxd5 Rxb3 27.Bc1 Bxa3 28.Bxa3 Rxa3
29.Bd7 Nb4 30.Rb5 Rd8 31.Rb7 Nd3 32.Re8+ Rxe8 33.Bxe8 Ne5 34.Bxf7+ Nxf7 35.Rb8+ Nd8
36.Rxd8+ Kf7 37.Rd7+ Kf6 38.Rd6+ Ke5 39.Rd7 Kf6 40.Rd6+ Kg5 41.Rd5+ Kh6 42.h4 Kg6  1/2-1/2

[Event "ch-Privolzhsky Region"]
[Site "Ishevsk RUS"]
[Date "2005.03.22"]
[Round "7"]
[White "Skatchkov,P"]
[Black "Pushin,V"]
[Result "1-0"]
[WhiteElo "2483"]
[BlackElo "2256"]

1.d4 Nf6 2.Nf3 e6 3.c4 b6 4.g3 Ba6 5.b3 Bb4+ 6.Bd2 Be7 7.Bg2 c6 8.O-O d5
9.Qc2 Nbd7 10.Bf4 O-O 11.Nbd2 Nh5 12.Be3 Nhf6 13.Bf4 Nh5 14.Be3 Nhf6 15.Bg5 h6
16.Bxf6 Bxf6 17.e4 e5 18.exd5 exd4 19.dxc6 d3 20.Qxd3 Bxa1 21.cxd7 Bf6 22.Ne4 Bb7
23.Rd1 Qe7 24.Nxf6+ Qxf6 25.Ng5 hxg5 26.Bxb7 Rad8 27.b4 Qb2 28.Qd2 Qa3 29.Qd6 Rb8
30.c5 bxc5 31.bxc5 Rxb7 32.Qxf8+  1-0

[Event "ch-EU"]
[Site "Cork IRL"]
[Date "2005.03.23"]
[Round "2"]
[White "Palliser,R"]
[Black "Hitzler,P"]
[Result "0-1"]
[WhiteElo "2402"]
[BlackElo "2178"]

1.d4 Nf6 2.c4 e6 3.Nf3 b6 4.g3 Ba6 5.Nbd2 Bb7 6.Bg2 c5 7.e4 cxd4 8.e5 Ne4
9.Nxe4 Bxe4 10.Qxd4 Bb4+ 11.Ke2 Bg6 12.Bg5 Qc7 13.Rhd1 Nc6 14.Qh4 Rc8 15.a3 Be7
16.Bxe7 Nxe7 17.Rac1 Nc6 18.Rd6 Nxe5 19.Qd4 Nd3 20.Rc3 Ke7 21.Qh4+ Kxd6 22.Rxd3+ Bxd3+
23.Kxd3 f6 24.Nd2 Ke7 25.Qg4 g6 26.f4 Qc5 27.Qe2 b5 28.b4 bxc4+ 29.Kc3 Qg1
30.Bf1 a5 31.g4 axb4+ 32.axb4 Qa7 33.g5 Rhf8 34.gxf6+ Rxf6  0-1

[Event "Ettinger It"]
[Site "Givataim ISR"]
[Date "2005.03.23"]
[Round "4"]
[White "Bykhovsky,Av"]
[Black "Lerner,K"]
[Result "1/2-1/2"]
[WhiteElo "2451"]
[BlackElo "2523"]

1.d4 Nf6 2.c4 e6 3.Nf3 b6 4.g3 Ba6 5.b3 Bb4+ 6.Bd2 Be7 7.Bg2 c6 8.O-O O-O
9.Bf4 d5 10.Qc2 Nbd7 11.Nbd2 Nh5 12.Be3 Nhf6 13.Bf4 Nh5 14.Be3 Nhf6  1/2-1/2

[Event "ch-RUS w 1st League"]
[Site "Samara RUS"]
[Date "2005.03.23"]
[Round "1"]
[White "Gunina,V"]
[Black "Rakitskaja,M"]
[Result "1-0"]
[WhiteElo "2342"]
[BlackElo "2220"]

1.d4 Nf6 2.c4 e6 3.Nf3 b6 4.g3 Ba6 5.b3 Bb4+ 6.Bd2 Be7 7.Bg2 d5 8.O-O Bb7
9.Bc1 O-O 10.Ba3 c5 11.cxd5 exd5 12.Nc3 Re8 13.Rc1 Na6 14.Na4 Rc8 15.Bh3 Rc7
16.Nc3 c4 17.Bxe7 Rcxe7 18.bxc4 dxc4 19.Bg2 Nc7 20.Ne5 Bxg2 21.Kxg2 Qa8+
22.Kg1 b5 23.e3 b4 24.Na4 c3 25.a3 a5 26.Nc5 Ne4 27.Nxe4 Qxe4 28.Qa4 Ne6
29.Qc6 Ng5 30.Qxe4 Nxe4 31.Nc6 Rc7 32.Nxa5 bxa3 33.Ra1 Nd2 34.Rfc1 Ra8 35.Rxa3 Rca7
36.Raxc3 f5 37.Nc6 Ra2 38.Ne7+ Kf7 39.Nxf5 Kf6 40.Nh4 Ne4 41.Rc6+ Kg5 42.Nf3+ Kg4
43.Ne5+ Kh3 44.Nd3 Rd2 45.Nf4+ Kg4 46.Rf1 Kf3 47.Nh3 g5 48.Rc7 h5 49.Rf7+ Kg4
50.Nf4 Nxg3 51.fxg3 Raa2 52.h3+ Kxg3 53.Nxh5+ Kxh3 54.R7f2 Rxf2 55.Rxf2 Ra1+
56.Rf1 Ra2 57.Rd1 Kg4 58.Nf6+ Kf5 59.Rf1+ Ke6 60.e4 Rd2 61.d5+ Ke5 62.Rf5+ Kd6
63.e5+ Ke7 64.Rxg5 Re2 65.d6+ Kf7 66.d7 Rd2 67.Rh5 Kg7 68.Rh7+ Kf8 69.Rh8+ Ke7
70.Re8+ Kf7 71.d8=Q  1-0

[Event "ch-DEN KO"]
[Site "Koege DEN"]
[Date "2005.03.25"]
[Round "3.4"]
[White "Schandorff,L"]
[Black "Hansen,SuB"]
[Result "0-1"]
[WhiteElo "2497"]
[BlackElo "2553"]

1.d4 Nf6 2.c4 e6 3.Nf3 b6 4.g3 Ba6 5.b3 Bb4+ 6.Bd2 Be7 7.Bg2 d5 8.cxd5 exd5
9.Nc3 O-O 10.O-O Bb7 11.Bf4 Na6 12.Rc1 Re8 13.Ne5 c6 14.e4 Nc7 15.exd5 cxd5
16.a4 Ne6 17.Be3 Bb4 18.Qd3 a6 19.Bh3 h6 20.f4 Rc8 21.Na2 Bd6 22.Rxc8 Bxc8
23.Bg2 Bb7 24.Rc1 Qe7 25.Bd2 Rc8 26.Rxc8+ Bxc8 27.b4 Bb7 28.h3 Qe8 29.Nc3 Bxb4
30.Kh2 Bd6 31.Be3 Nc7 32.Qb1 b5 33.axb5 axb5 34.Na4 bxa4 35.Qxb7 a3 36.Bd2 Nb5
37.Nxf7 a2 38.Nxd6 Nxd6 39.Qa6 Nf5 40.Qxa2 Qe2 41.Qa8+ Kh7 42.Bc1 Qf2 43.Qa3 Ne4
44.Qf3 Qxd4 45.Ba3 Nfxg3 46.Be7 Nf5 47.Bd8 Qf2 48.Qxf2 Nxf2 49.Bxd5 g6 50.Bc7 h5
51.Bb7 Kh6 52.Kg2 Nd3 53.Bc8 Nc5 54.Kf3 Nd4+ 55.Ke3 Nf5+ 56.Kd2 Ne7 57.Bb6 Ne4+
58.Ke3 Nf5+ 59.Kxe4 Ne7  0-1

[Event "ch-RUS w 1st League"]
[Site "Samara RUS"]
[Date "2005.03.25"]
[Round "3"]
[White "Vazirova,K"]
[Black "Strelnikova,E"]
[Result "1-0"]
[WhiteElo "2092"]
[BlackElo "2124"]

1.d4 Nf6 2.Nf3 e6 3.c4 b6 4.g3 Ba6 5.b3 Bb7 6.Bg2 Bb4+ 7.Bd2 Qe7 8.O-O O-O
9.Nc3 Bxc3 10.Bxc3 d5 11.Rc1 dxc4 12.bxc4 Nbd7 13.e3 Qa3 14.Qe2 Ne4 15.Ba1 Rab8
16.Rfd1 Ndf6 17.Ne5 a5 18.f3 Nd6 19.e4 Nc8 20.d5 Ba6 21.Nc6 Ra8 22.e5 Nxd5
23.f4 Qc5+ 24.Qf2 Ne3 25.Rd7 Nxc4 26.Qxc5 bxc5 27.Ne7+ Nxe7 28.Bxa8 Rxa8
29.Rxe7 Rc8 30.Rd1 Bb5 31.Rxc7 Rb8 32.Rb7 Rc8 33.Rxb5 g6 34.Rc1 Ne3 35.Rbxc5 Rd8
36.Rc8 Rxc8 37.Rxc8+ Kg7 38.Ra8 h5 39.Rxa5 h4 40.a4 g5 41.Ra8 gxf4 42.gxf4 Nd5
43.f5 exf5 44.e6+ f6 45.Ra7+ Kg8 46.Rd7  1-0

[Event "Open"]
[Site "Coventry ENG"]
[Date "2005.03.26"]
[Round "4"]
[White "Duggan,M"]
[Black "Martyn,R"]
[Result "0-1"]
[WhiteElo "2096"]
[BlackElo "2281"]

1.Nf3 Nf6 2.d4 e6 3.c4 b6 4.g3 Ba6 5.Qa4 Bb7 6.Bg2 c5 7.Bf4 cxd4 8.O-O Bc6
9.Qc2 d6 10.Nbd2 h6 11.Nxd4 Bxg2 12.Kxg2 e5 13.Ne4 Nbd7 14.c5 exd4 15.c6 Nc5
16.Nxc5 dxc5 17.e4 Be7 18.b4 cxb4 19.Qa4 O-O 20.c7 Qd7  0-1

[Event "Technomont Cup"]
[Site "Frydek Mistek CZE"]
[Date "2005.03.26"]
[Round "5"]
[White "Lahner,J"]
[Black "Bandza,A"]
[Result "0-1"]
[WhiteElo "2241"]
[BlackElo "2383"]

1.d4 Nf6 2.c4 e6 3.Nf3 b6 4.g3 Ba6 5.b3 Bb4+ 6.Bd2 Be7 7.Bg2 O-O 8.O-O Bb7
9.Nc3 d5 10.cxd5 exd5 11.Bc1 Nbd7 12.Bb2 Re8 13.Qc2 c6 14.Rfd1 Bd6 15.e3 Qe7
16.Rac1 Rac8 17.Qb1 Ba6 18.Nd2 Bb4 19.Re1 Bxc3 20.Bxc3 Ne4 21.Nf3 c5 22.dxc5 Ndxc5
23.Bb4 Qf6 24.Bxc5 bxc5 25.Qa1 Qb6 26.Rcd1 Red8 27.Qe5 Bb7 28.Nd2 Nf6 29.Nb1 Qe6
30.Qxe6 fxe6 31.f4 a5 32.Nc3 Bc6 33.Rd2 a4 34.bxa4 Ra8 35.Red1 g6 36.Rb1 Bxa4
37.Nxa4 Rxa4 38.Rb6 Kf7 39.Rc6 c4 40.Rb2 Rd7 41.Bh3 Re7 42.Rbb6 Rxa2 43.Bxe6+ Kg7
44.Rb5 Rd2 45.g4 Ra7 46.Rb1 h6 47.Rc5 g5 48.f5 Nxg4 49.Bxd5 Nxe3 50.Be4 Re7
51.Rb7 Rxb7 52.Bxb7 Kf6 53.Bc8 Rg2+ 54.Kh1 Rf2 55.h3 h5 56.Be6 Rc2 57.Rc6 Ke5
58.f6 Kxf6 59.Bxc4+ Ke5 60.Bb5 Rb2 61.Rc5+ Kf4 62.Bd3 Rd2 63.Bg6 h4 64.Bh5 Rc2
65.Rxc2 Nxc2 66.Kg2 Ke3 67.Bd1 Ne1+ 68.Kf1 Nd3 69.Kg2 Nf4+ 70.Kh2 Kf2 71.Ba4 Ne2
72.Bd7 Nd4 73.Bc8 Nf3+ 74.Kh1 Kg3 75.Bg4 Ne1  0-1

[Event "Open"]
[Site "Coventry ENG"]
[Date "2005.03.28"]
[Round "9"]
[White "Greenfeld,A"]
[Black "Lindner,D"]
[Result "1-0"]
[WhiteElo "2549"]
[BlackElo "2239"]

1.d4 Nf6 2.Nf3 e6 3.c4 b6 4.g3 Ba6 5.Qb3 d5 6.cxd5 Qxd5 7.Qc2 Bb4+ 8.Nc3 O-O
9.Bg2 Qh5 10.Ne5 c6 11.h4 Ng4 12.Bf3 f5 13.Qb3 Bxc3+ 14.bxc3 Qe8 15.Nxg4 fxg4
16.Bxg4 Bc8 17.O-O Na6 18.Bf3 Nc7 19.Ba3 Rf7 20.Bd6 Nd5 21.a4 Bb7 22.c4 Nf6
23.a5 Rd8 24.Be5 Nd7 25.Bc7 Rc8 26.axb6 axb6 27.Bxb6 e5 28.Ra7 Ba8 29.c5 Kf8
30.Rfa1 exd4 31.Qa3  1-0

[Event "ch-EU"]
[Site "Cork IRL"]
[Date "2005.03.29"]
[Round "8"]
[White "Gyimesi,Z"]
[Black "Bartel,Mat"]
[Result "1/2-1/2"]
[WhiteElo "2602"]
[BlackElo "2482"]

1.d4 Nf6 2.c4 e6 3.Nf3 b6 4.g3 Ba6 5.b3 d5 6.cxd5 exd5 7.Bg2 Bb4+ 8.Bd2 Bd6
9.O-O O-O 10.Nc3 Re8 11.Re1 Bb7 12.Qc2 Na6 13.Nh4 c5 14.dxc5 Bxc5 15.Na4 Bf8
16.Bg5 h6 17.Bxf6 Qxf6 18.a3 b5 19.Nb2 Rac8 20.Qb1 Nc5 21.Nd3 Ne4 22.Qb2 Qxb2
23.Nxb2 b4 24.axb4 Bxb4 25.Rf1 a5 26.Nd3 Bc3 27.Ra3 g6 28.Rd1 d4 29.Nf3 Ba6
30.Nfe5 Nc5 31.Bf3 Bb5 32.Nxc5 Bxe2 33.Ncd3 Bxd1 34.Bxd1 Bb4 35.Ra1 Rc3 36.Kf1 f6
37.Nxb4 Rxe5 38.Nc2 Rxb3 39.Nxd4 Rd3 40.Nc6 Rc5 41.Nxa5 Rxa5 42.Rxa5 Rxd1+  1/2-1/2